000 00562nam a2200193 a 4500
008 951031s1993||||xo 0 slo c
020 _a8085327147
_c78
040 _aSNK
_bslo
_cSNK
_eAACR2
041 1 _aslo
_heng
044 _axo
_cSK
080 _a820 (73)-3
100 1 _aSteel, Danielle
_d1947-
_4aut
245 1 0 _aTajomstvá
_cDanielle Steel ; Prel. Anežka Krupová ; Obál. Igor Imro
260 _aBratislava
_bEDIPOSS
_c1993
_eMartin
_fNeografia
300 _a288 s.
_c20 cm
700 1 _aKrupová, Anežka
_4trl
700 1 _aImro, Igor
_4bjd
958 _aAUL
999 _c8118
_d8118